000 00210nam a22000857a 4500
008 161116b xxu||||| |||| 00| 0 eng d
100 _91231
_aCBSE
245 _aEnglish Course-W.B.-IX
260 _aNew Delhi
_bCBSE
_c2011
999 _c3930
_d3930